00929cam a22002531 450000100060000000300080000600500170001400800390003103500190007003500180008904000440010704100080015108200130015910000490017224500830022126000490030430000220035349000360037550400410041165000480045294200120050099900170051295201460052925278BD-RjUL20211209050845.0140316r19661964nyu b 000 0 eng a(BD-RjUL)25347 a(OCoLC)296259 aDLCcOClUdOCoLCdUkdDLCdBD-RjULbeng aeng a274bROL1 aBurrell, Sidney Alexander,d1912- 97774214aThe role of religion in modern European history /cedited by Sidney A. Burrell aNew York :bMacmillan,c1964 [printing 1966] aix,147p. ;c22cm.0 aMain themes in European history aIncludes bibliographical references. 0aChurch historyyModern period, 1500-977743 2ddccBK c25278d25278 00102ddc40728NFICaRUCLbRUCLcReadingd1972-08-14eParagon Enterprise.g15.80l0o274 ROL 1966r2014-03-16 00:00:00tC-1w2014-03-16yBK